Capital Cities Starting With The Same 3 Letters - Statistics

General Stats
  • This quiz has been taken 181 times
  • The average score is 34 of 48
Answer Stats
capital % Correct
Abu Dhabi
95%
Brasilia
91%
Kinshasa
88%
Prague
87%
Vienna
87%
Berlin
86%
Abuja
85%
Beirut
83%
Santiago
79%
Vientiane
77%
Belmopan
76%
San José
76%
Beijing
74%
Bern
74%
Brazzaville
74%
Port-au-Prince
74%
San Salvador
74%
Bangui
73%
Monaco
73%
Port Moresby
73%
Port-of-Spain
73%
Bissau
71%
Paramaribo
71%
Paris
71%
Bratislava
70%
Bangkok
69%
Bishkek
69%
Porto-Novo
69%
Port Vila
69%
Praia
69%
Santo Domingo
69%
Banjul
68%
Montevideo
67%
Port Louis
67%
San Marino
67%
Belgrade
66%
Managua
66%
Kingston
65%
Malé
63%
Manama
62%
Bandar Seri Begawan
61%
Kingstown
61%
Manila
58%
Saint George's
58%
Saint John's
58%
Malabo
54%
Monrovia
52%
Sana'a
51%
No matching quizzes found
Score Distribution
Percent of People with Each Score
Percentile by Number Answered
Your Score History
You have not taken this quiz